ALL-IN-ONE TEXTBOOK FOR B PHARMA COURSE FOR [1ST SEMESTER] (Record no. 8931)

MARC details
000 -LEADER
fixed length control field 00507nam a22001817a 4500
005 - DATE AND TIME OF LATEST TRANSACTION
control field 20251126182707.0
008 - FIXED-LENGTH DATA ELEMENTS--GENERAL INFORMATION
fixed length control field 251121b |||||||| |||| 00| 0 eng d
020 ## - INTERNATIONAL STANDARD BOOK NUMBER
ISBN 978-93-88022-92-7
041 ## - LANGUAGE CODE
Language code of text/sound track or separate title eng
082 ## - DEWEY DECIMAL CLASSIFICATION NUMBER
Classification number 615.1 CHO-A
100 ## - MAIN ENTRY--AUTHOR NAME
Personal name CHOUHAN, MR. DEEPESH
245 ## - TITLE STATEMENT
Title ALL-IN-ONE TEXTBOOK FOR B PHARMA COURSE FOR [1ST SEMESTER]
250 ## - EDITION STATEMENT
Edition statement 1ST ED. 2023
260 ## - PUBLICATION, DISTRIBUTION, ETC. (IMPRINT)
Place of publication NEW DELHI
Name of publisher INNOVATIVE PUBLICATION PVT.LTD.
Year of publication 2025
300 ## - PHYSICAL DESCRIPTION
Number of Pages 189;P
650 ## - SUBJECT ADDED ENTRY--TOPICAL TERM
Topical Term PHARMACY
General subdivision B.PHARMA
942 ## - ADDED ENTRY ELEMENTS (KOHA)
Koha item type Books
Holdings
Lost status Damaged status Collection code Home library Current library Date acquired Source of acquisition Cost, normal purchase price Full call number Accession Number Koha item type
    PHARMACY JRU Library JRU Library 14/11/2025 PURCHASE 575.00 615.1 29039 Books